00342nam a22000977a 4500003000400000082001900004100003200023245007200055260010900127300000800236SGT a891.4309bH11D aदावे, रमेश  aहिन्द राष्ट्र की अस्मिता  bश्री कैलाशचंद्र गुप्त अमृत अभिनन्दन c2011 a337